Lanean...

Information support for the legal profession /

Xehetasun bibliografikoak
Egile nagusia: Gopal Sri Ram
Formatua: Printed Book
Hizkuntza:English
Argitaratua: New Delhi : Ess Ess Publications, 2008.
LEADER 00695nam a2200133Ia 4500
008 160114b xxu||||| |||| 00| 0 eng d
100 |a Gopal Sri Ram 
245 |a Information support for the legal profession /  |c By Gopal Sri Ram 
260 |a New Delhi :  |b Ess Ess Publications,   |c 2008. 
300 |a 117 p. 
942 |c BK 
999 |c 144130  |d 144130 
952 |0 0  |1 0  |2 ddc  |4 0  |6 025_527634000000000_GOP_I  |7 0  |9 153457  |a LIS  |b LIS  |c ST1  |d 2011-12-07  |e South Eastern, Calicut  |g 325.00  |i 02910  |o 025.527634 GOP/I  |p LIS2910  |r 2016-07-26  |x SEBA/2008/09/013  |y BK 
952 |0 0  |1 0  |2 ddc  |4 0  |6 025_527634000000000_GOP_I  |7 0  |9 153458  |a LIS  |b LIS  |c ST1  |d 2012-01-16  |e Penta Books, Calicut  |g 325.00  |i 02941  |o 025.527634 GOP/I  |p LIS2941  |r 2016-07-26  |x 862  |y BK